| 000 | 00534 a2200169 4500 | ||
|---|---|---|---|
| 999 |
_c7068 _d7068 |
||
| 020 | _a0521669820 | ||
| 050 | 0 | 0 | _aBS2589 TIN 1999 |
| 245 | 1 | 4 |
_aThe Gospel according to Luke : _bthe Cambridge commentary on the new English bible / _cCommentary by E.J. Tinsley |
| 250 | _aLow price edition | ||
| 264 |
_aCambridge: _bCambridge University Press, _c1999 |
||
| 300 | _a216p. ; | ||
| 440 | 0 | _aCambridge Low -Price Editions | |
| 500 | _aIncludes Index | ||
| 650 |
_aBible _xLuke |
||
| 700 | _aTinsley, E.J | ||
| 942 |
_2lcc _cBK _h2589 _iTIN _kBS |
||